Buli

Bibliographic Details
Main Author: Abi Alfikri
Format: Book
Published: Selangor : Pustaka Cita Tinggi , 2008
Series:Siri variasi citra semasa
Subjects:

MARC

LEADER 00000cam a2200000 7i4500
001 0000067185
005 20161020.0
008 161018
020 |a 9789830235936(set) 
020 |a 9830235998 
090 0 0 |a JF   |b MAL 
100 1 |a Abi Alfikri 
245 1 0 |a Buli   |c Abi Alfikri 
260 |a Selangor :   |b Pustaka Cita Tinggi ,   |c 2008 
300 |a 36pg. 
490 1 |a Siri variasi citra semasa 
500 |a Children ages 7-9 years old (orange) 
650 0 |a Malay fiction 
999 |a 0001071798   |b Book   |c Children Collection   |e Cawangan Segamat 
999 |a 0001071806   |b Book   |c Children Collection   |e Cawangan Taman Universiti